Lịch sử phép biện chứng
Wedi'i Gadw mewn:
| Prif Awdur: | |
|---|---|
| Fformat: | Llyfr |
| Iaith: | Undetermined |
| Cyhoeddwyd: |
H.
CTQG
1998
|
| Pynciau: | |
| Tagiau: |
Ychwanegu Tag
Dim Tagiau, Byddwch y cyntaf i dagio'r cofnod hwn!
|
| Thư viện lưu trữ: | Trung tâm Học liệu Trường Đại học Cần Thơ |
|---|
| LEADER | 00573nam a2200193Ia 4500 | ||
|---|---|---|---|
| 001 | CTU_58422 | ||
| 008 | 210402s9999 xx 000 0 und d | ||
| 020 | |b 39000 | ||
| 082 | |a 146.32 | ||
| 082 | |b L302/T2 | ||
| 100 | |a V. V. Solokov ... [et al.] | ||
| 245 | 0 | |a Lịch sử phép biện chứng | |
| 245 | 0 | |c V. V. Solokov ... [et al.]; Đỗ Minh Hợp biên dịch | |
| 260 | |a H. | ||
| 260 | |b CTQG | ||
| 260 | |c 1998 | ||
| 650 | |a dialectic ( philosophy ),philosophy, modern | ||
| 904 | |i Minh | ||
| 980 | |a Trung tâm Học liệu Trường Đại học Cần Thơ | ||